| 000 | 00548nam a22001817a 4500 | ||
|---|---|---|---|
| 999 |
_c18087 _d18087 |
||
| 008 | 191128b xxu||||| |||| 00| 0 eng d | ||
| 020 | _a0862417589 | ||
| 040 |
_aKABU _cKABU |
||
| 050 |
_aGR360 _b.M88 1998 c. 1 |
||
| 100 | _aMutwa, Vusamazulu credo | ||
| 245 |
_aIndaba, my children _cVusamazulu Credo mutwa |
||
| 260 |
_aSouth Africa _bBlue Crane Books _c1998 |
||
| 300 | _axvi, 696 p. | ||
| 650 |
_aTales _zAfrica |
||
| 650 |
_aBantu speaking peoples _xFolklore |
||
| 650 |
_aZulu (African people) _xFolklore |
||
| 942 |
_2lcc _cBK _hGR360 |
||